Kasta sten. (Record no. 37684)

MARC details
000 -LEADER
fixed length control field 00408cam a22001697 4500
001 - CONTROL NUMBER
control field ltf91076647
003 - CONTROL NUMBER IDENTIFIER
control field DLC
005 - DATE AND TIME OF LATEST TRANSACTION
control field 20260227111554.0
008 - FIXED-LENGTH DATA ELEMENTS--GENERAL INFORMATION
fixed length control field 910703s1960 sw 000 0 swe
010 ## - LIBRARY OF CONGRESS CONTROL NUMBER
LC control number ltf91076647
040 ## - CATALOGING SOURCE
Original cataloging agency DLC
Transcribing agency DLC
Modifying agency DLC
050 00 - LIBRARY OF CONGRESS CALL NUMBER
Classification number 4PT Swed 572
100 1# - MAIN ENTRY--PERSONAL NAME
Personal name Gustafson, Bosse,
Dates associated with a name 1924-
245 10 - TITLE STATEMENT
Title Kasta sten.
260 ## - PUBLICATION, DISTRIBUTION, ETC.
Place of publication, distribution, etc. Stockholm,
Name of publisher, distributor, etc. P.A. Norstedt
Date of publication, distribution, etc. [1960]
300 ## - PHYSICAL DESCRIPTION
Extent 260 p.

No items available.

Powered by Koha